| Tag |
First Indicator |
Second Indicator |
Subfields |
| LEADER |
00000cam a2200000 a 4500 |
| 001 |
in00000016018 |
| 005 |
20151007052648.0 |
| 008 |
870320s1985 iq a b f00010 eng |
| 010 |
|
|
|a 87123820
|
| 035 |
|
|
|a (OCoLC)17476966
|
| 035 |
|
|
|9 AAA8703AM
|
| 040 |
|
|
|a DLC
|c DLC
|d TXA
|d UtOrBLW
|
| 043 |
|
|
|a a-iq---
|
| 049 |
|
|
|a TXAM
|c [A11464442]
|
| 050 |
0 |
0 |
|a DS70.5.E65
|b A28 1985
|
| 082 |
0 |
|
|a 935
|2 19
|
| 100 |
1 |
|
|a Abu Al-Soof, Bahnam.
|
| 245 |
1 |
0 |
|a Uruk pottery :
|b origin & distribution /
|c by Bahnam Abu Al- Soof.
|
| 264 |
|
1 |
|a [Bagdad] :
|b Republic of Iraq, Ministry of Culture & Information, State Organization of Antiquities & Heritage,
|c [1985]
|
| 300 |
|
|
|a 204 pages :
|b illustrations ;
|c 24 cm.
|
| 336 |
|
|
|a text
|b txt
|2 rdacontent
|
| 337 |
|
|
|a unmediated
|b n
|2 rdamedia
|
| 338 |
|
|
|a volume
|b nc
|2 rdacarrier
|
| 500 |
|
|
|a Title on added title page: Fakhkhār ʻaṣr al-Warkāʼ.
|
| 504 |
|
|
|a Bibliography: pages 164-170.
|
| 650 |
|
0 |
|a Pottery, Ancient
|z Iraq
|z Erech (Ancient city)
|
| 651 |
|
0 |
|a Erech (Extinct city)
|
| 651 |
|
0 |
|a Iraq
|x Antiquities.
|
| 650 |
|
0 |
|a Sumerians
|x Antiquities.
|
| 710 |
2 |
|
|a Muʼassasah al-ʻĀmmah lil-Āthār wa-al-Turāth (Iraq)
|
| 740 |
0 |
|
|a Fakhkhār ʻaṣr al-Warkāʼ.
|
| 999 |
|
|
|a MARS
|
| 999 |
f |
f |
|s 8f6409c6-a300-325e-884d-fe7d5bdc8589
|i 22fd102b-ad64-3b3e-a917-5f20a3813e5b
|t 0
|
| 952 |
f |
f |
|p ric
|a Texas A&M University
|b Rellis Campus
|c Joint Library Facility
|d Remote Storage
|t 0
|e DS70.5.E65 A28 1985
|h Library of Congress classification
|i unmediated -- volume
|m A14811464442
|
| 998 |
f |
f |
|a DS70.5.E65 A28 1985
|t 0
|l Remote Storage
|